| 000 | 00348nam a2200133Ia 4500 | ||
|---|---|---|---|
| 008 | 230516s2007 xx 000 0 und d | ||
| 041 | _aeng | ||
| 082 | _a910 SAL | ||
| 100 | _aSALUNKHE VIJAYA | ||
| 245 | _aBHARAT:MANVI PARYAVRAN GEOGRAPHY STD 10TH | ||
| 260 |
_aPUNE _bMAHARASHTRA STATE BUREAU TEXT BOOK _c2007 |
||
| 300 | _a66 | ||
| 650 | _aSPORT | ||
| 999 |
_c359845 _d359845 |
||